[Event "Thüringenliga 2013/2014"]
[Site "?"]
[Date "2014.02.02"]
[Round "6"]
[White "Krüger, Rainer"]
[Black "Middelhoff, Cornelius"]
[Result "0-1"]
[WhiteElo "2074"]
[BlackElo "2052"]
[PlyCount "172"]
[EventDate "2014.??.??"]
[WhiteTeam "ESV Lok Sömmerda"]
[BlackTeam "SV Jenapharm Jena"]

1. Nf3 Nf6 2. g3 b6 3. Bg2 Bb7 4. O-O e6 5. c4 Be7 6. Nc3 O-O 7. d4 Ne4 8. Qd3
Nxc3 9. Qxc3 Bf6 10. b4 c5 11. bxc5 bxc5 12. Ba3 d6 13. e3 Nd7 14. Rab1 Be4 15.
Nd2 Bxb1 16. Bxa8 Qxa8 17. Rxb1 Rb8 18. Rb3 d5 19. cxd5 cxd4 20. Qc6 dxe3 21.
fxe3 Nb6 22. Qxa8 Rxa8 23. d6 Rd8 24. Bc5 Be5 25. Bxb6 axb6 26. Rxb6 Bxd6 27.
Ne4 Bc7 28. Rc6 Bb8 29. a4 Kf8 30. a5 Ke7 31. a6 Rd1+ 32. Kf2 Ra1 33. Rb6 Bc7
34. Rb7 Kd8 35. a7 Kc8 36. Nd6+ Bxd6 37. Rxf7 Bc5 38. Rxg7 Rxa7 39. Rg5 Rf7+
40. Ke2 Bd6 41. h4 Kd7 42. h5 Ke7 43. g4 Bg3 44. Rg8 Be5 45. Ra8 Kf6 46. Re8
Bd6 47. g5+ Ke5 48. Rg8 h6 49. gxh6 Rh7 50. Rg5+ Kf6 51. Rg6+ Kf7 52. Kf3 Bf8
53. Ke4 Rxh6 54. Rg5 Rf6 55. Rb5 Bd6 56. Rb7+ Kg8 57. Rd7 Bg3 58. Rb7 Rf7 59.
Rb6 Re7 60. Kf3 Be5 61. Ke4 Bc7 62. Rc6 Kf7 63. Kf3 Kf6 64. Ke4 Rh7 65. Rc5 Bd6
66. Rb5 Rg7 67. Rb6 Be5 68. Rb1 Rg4+ 69. Kd3 Rh4 70. Rf1+ Ke7 71. Rb1 Rxh5 72.
Ke4 Bc7 73. Rc1 Bd6 74. Rb1 Rh4+ 75. Kd3 Kf6 76. Rb5 Rg4 77. Rh5 Rg5 78. Rh6+
Ke5 79. Rh4 Bc5 80. Rc4 Kd6 81. Re4 Rg3 82. Ke2 Kd5 83. Kd3 Rh3 84. Rg4 Rxe3+
85. Kd2 Ra3 86. Rh4 e5 0-1

[Event "Thüringenliga 2013/2014"]
[Site "?"]
[Date "2014.02.02"]
[Round "6"]
[White "Zipfel, Frank"]
[Black "Wanzek, Daniel"]
[Result "1/2-1/2"]
[WhiteElo "2034"]
[BlackElo "2071"]
[PlyCount "103"]
[EventDate "2014.??.??"]
[WhiteTeam "SV Jenapharm Jena"]
[BlackTeam "ESV Lok Sömmerda"]

1. Nf3 Nc6 2. g3 e5 3. d3 g6 4. e4 Bg7 5. Bg2 d6 6. O-O f5 7. c3 Nf6 8. exf5
Bxf5 9. d4 e4 10. Nh4 Be6 11. f3 exf3 12. Bxf3 d5 13. Qe2 Qd7 14. Re1 Nd8 15.
Bf4 O-O 16. Nd2 Bh3 17. Qe7 Rf7 18. Qb4 a5 19. Qb3 a4 20. Qc2 Ne6 21. Be5 Raf8
22. Bg2 Ng5 23. Bxf6 Rxf6 24. Rf1 Bxg2 25. Kxg2 Qh3+ 26. Kg1 Qe6 27. Rxf6 Rxf6
28. Rf1 Nh3+ 29. Kh1 Qe2 30. Rxf6 Bxf6 31. Nhf3 Nf2+ 32. Kg1 Ng4 33. Qxa4 Bg5
34. Qd7 Be3+ 35. Kh1 Bxd2 36. Qxd5+ Kg7 37. Qd7+ Kh6 38. Qxg4 Qd1+ 39. Kg2 Qe2+
40. Kh3 Qf1+ 41. Kh4 Qe2 42. Nxd2 Qxh2+ 43. Qh3 Qxd2 44. Kg4+ Kg7 45. Kf3 Qd3+
46. Kf4 Qd2+ 47. Kf3 Qd3+ 48. Kf4 Qd2+ 49. Ke4 Qe2+ 50. Kd5 Qb5+ 51. Ke4 Qe2+
52. Kd5 1/2-1/2

[Event "Thüringenliga 2013/2014"]
[Site "?"]
[Date "2014.02.02"]
[Round "6"]
[White "Siegemund, Joachim"]
[Black "Mucha, Annegret"]
[Result "1/2-1/2"]
[WhiteElo "2009"]
[BlackElo "1986"]
[PlyCount "46"]
[EventDate "2014.??.??"]
[WhiteTeam "ESV Lok Sömmerda"]
[BlackTeam "SV Jenapharm Jena"]

1. Nf3 Nf6 2. c4 b6 3. g3 Bb7 4. Bg2 e6 5. O-O Be7 6. d4 O-O 7. Nc3 Ne4 8. Qd3
f5 9. Rd1 Nxc3 10. Qxc3 Na6 11. a3 c5 12. Ra2 Bf6 13. b4 Qe7 14. b5 Nc7 15. Be3
d6 16. h4 Rac8 17. Bg5 Rfd8 18. dxc5 dxc5 19. Rxd8+ Rxd8 20. Bxf6 Qxf6 21. Qxf6
gxf6 22. Rd2 Rxd2 23. Nxd2 Bxg2 1/2-1/2

[Event "Thüringenliga 2013/2014"]
[Site "?"]
[Date "2014.02.02"]
[Round "6"]
[White "August, Daniel"]
[Black "Kalisch, Michael"]
[Result "1-0"]
[WhiteElo "1957"]
[BlackElo "1982"]
[PlyCount "73"]
[EventDate "2014.??.??"]
[WhiteTeam "SV Jenapharm Jena"]
[BlackTeam "ESV Lok Sömmerda"]

1. c4 e5 2. g3 Nc6 3. Bg2 g6 4. Nc3 Bg7 5. e4 d6 6. Nge2 Be6 7. d3 Qd7 8. Nd5
Nce7 9. O-O c6 10. Ne3 f5 11. exf5 Nxf5 12. Nxf5 Bxf5 13. d4 Ne7 14. d5 cxd5
15. cxd5 O-O 16. Nc3 Rac8 17. f3 Qc7 18. Be3 Qc4 19. Qd2 b5 20. Rfd1 b4 21. Ne4
Qa6 22. b3 Bxe4 23. fxe4 Rc3 24. a3 Qc8 25. Rdc1 a5 26. axb4 axb4 27. Ra4 Qg4
28. Rxb4 Rxc1+ 29. Qxc1 Nxd5 30. h3 Qxg3 31. exd5 e4 32. Kh1 Be5 33. Qg1 Rf3
34. Rxe4 Bf4 35. Bxf4 Rxf4 36. Qe3 Rxe4 37. Qxg3 1-0

[Event "Thüringenliga 2013/2014"]
[Site "?"]
[Date "2014.02.02"]
[Round "6"]
[White "Koksch, Robert"]
[Black "Krabel, Stefan"]
[Result "1-0"]
[WhiteElo "1938"]
[BlackElo "1926"]
[PlyCount "87"]
[EventDate "2014.??.??"]
[WhiteTeam "ESV Lok Sömmerda"]
[BlackTeam "SV Jenapharm Jena"]

1. d4 d5 2. c4 c6 3. Nf3 Nf6 4. Nc3 e6 5. e3 Nbd7 6. Bd3 dxc4 7. Bxc4 b5 8. Bd3
Bb7 9. O-O a6 10. Qe2 c5 11. dxc5 Nxc5 12. Bc2 Be7 13. a3 Qc7 14. e4 Rd8 15.
Bg5 e5 16. Rac1 Ne6 17. Bb3 Qb6 18. Bxf6 gxf6 19. Bd5 Nf4 20. Qd2 Rg8 21. g3 b4
22. axb4 Bxb4 23. Qc2 Bxc3 24. Bxb7 Qxb2 25. Qxb2 Bxb2 26. Rc2 Ba3 27. Bxa6 Ke7
28. Ra1 Bb4 29. Nh4 Ne6 30. Nf5+ Kf8 31. Rc4 Be7 32. Bb7 Nd4 33. Nxe7 Kxe7 34.
Rc7+ Rd7 35. Rxd7+ Kxd7 36. Bd5 Rc8 37. Bxf7 Rc7 38. Ra6 Ke7 39. Bd5 Nf3+ 40.
Kg2 Ng5 41. h4 Nf7 42. Re6+ Kf8 43. Rxf6 Kg7 44. Rxf7+ 1-0

[Event "Thüringenliga 2013/2014"]
[Site "?"]
[Date "2014.02.02"]
[Round "6"]
[White "Mißbach, Bernd"]
[Black "Kühn, Martin"]
[Result "1-0"]
[WhiteElo "1896"]
[BlackElo "1932"]
[PlyCount "143"]
[EventDate "2014.??.??"]
[WhiteTeam "SV Jenapharm Jena"]
[BlackTeam "ESV Lok Sömmerda"]

1. Nf3 Nf6 2. c4 e6 3. g3 d5 4. cxd5 exd5 5. Bg2 Bd6 6. Nc3 c6 7. O-O O-O 8. d3
Bf5 9. Nh4 Bg4 10. Qc2 Na6 11. a3 Nc5 12. b4 Ne6 13. e3 Re8 14. h3 Bh5 15. Ne2
Be5 16. Bb2 d4 17. e4 Rc8 18. f4 Bb8 19. Nf3 Nxe4 20. dxe4 d3 21. Qd2 dxe2 22.
Qxe2 a5 23. Qc4 b5 24. Qc2 Bxf3 25. Bxf3 Nd4 26. Bxd4 Qxd4+ 27. Kg2 axb4 28.
Rfd1 Qb6 29. axb4 Rcd8 30. e5 Rxd1 31. Rxd1 Ba7 32. h4 Rc8 33. Qf5 Rf8 34. Kh3
Qe3 35. Bxc6 Qb3 36. Rd7 Bf2 37. Qg4 Qc4 38. Bd5 Qf1+ 39. Bg2 Qc4 40. Bd5 Qf1+
41. Bg2 Qc4 42. f5 Qc3 43. Qf3 Qe1 44. Rd1 Qe3 45. Qxe3 Bxe3 46. Rd5 Rb8 47.
Bf1 Bf2 48. Bxb5 Be1 49. Bc4 Rc8 50. b5 Ba5 51. Bd3 Rd8 52. Rxd8+ Bxd8 53. Bc4
Kf8 54. e6 fxe6 55. fxe6 Ke7 56. Kg4 Kd6 57. Kf5 Kc5 58. h5 Kd6 59. g4 Be7 60.
Bd3 Bd8 61. Be4 Kc5 62. Bc6 Be7 63. Be8 Kb6 64. g5 Kc5 65. h6 gxh6 66. gxh6 Bd8
67. Bg6 Kd6 68. Bxh7 Ke7 69. Bg8 Kf8 70. Bf7 Bb6 71. h7 Bd4 72. b6 1-0

[Event "Thüringenliga 2013/2014"]
[Site "?"]
[Date "2014.02.02"]
[Round "6"]
[White "Kirste, Olaf"]
[Black "Böhm, Christian"]
[Result "1-0"]
[WhiteElo "1835"]
[BlackElo "1863"]
[PlyCount "107"]
[EventDate "2014.??.??"]
[WhiteTeam "ESV Lok Sömmerda"]
[BlackTeam "SV Jenapharm Jena"]

1. c4 d6 2. Nc3 Nf6 3. d4 g6 4. e4 Bg7 5. f3 O-O 6. Be3 Nfd7 7. Qd2 c5 8. Nge2
cxd4 9. Nxd4 Nc6 10. h4 h5 11. Be2 Nxd4 12. Bxd4 Ne5 13. O-O-O Be6 14. Kb1 Rc8
15. b3 a6 16. g4 hxg4 17. f4 Nf3 18. Bxf3 Bxd4 19. Qxd4 gxf3 20. f5 Bd7 21.
Rdg1 Qa5 22. Nd5 Rce8 23. h5 Qc5 24. Qc3 Qf2 25. hxg6 f6 26. Rf1 Qe2 27. Qxf3
Qxf3 28. Rxf3 e6 29. fxe6 Rxe6 30. Rf4 Be8 31. Nc7 Re7 32. Nd5 Re6 33. Rg1 Kg7
34. Nc7 Re5 35. Rh4 Rh8 36. Rxh8 Kxh8 37. g7+ Kg8 38. Nd5 Re6 39. Kc2 Bc6 40.
Kd3 Bxd5 41. cxd5 Re7 42. Rg6 Rxg7 43. Rxf6 Rd7 44. Kd4 Kg7 45. e5 dxe5+ 46.
Kxe5 Rc7 47. Rf2 Rc1 48. Ke6 Re1+ 49. Kd7 Rd1 50. d6 b6 51. Kc7 b5 52. Rc2 Kf6
53. d7 Ke7 54. Re2+ 1-0

[Event "Thüringenliga 2013/2014"]
[Site "?"]
[Date "2014.02.02"]
[Round "6"]
[White "Recknagel, Michael"]
[Black "Brüggemann, Joachim"]
[Result "0-1"]
[WhiteElo "2180"]
[BlackElo "2238"]
[PlyCount "80"]
[EventDate "2014.??.??"]
[WhiteTeam "SC Suhl"]
[BlackTeam "Erfurter Schachklub"]

1. e4 c5 2. b3 Nc6 3. Bb2 a6 4. Nf3 e6 5. c4 d6 6. Nc3 e5 7. Be2 Be7 8. Nd5 f5
9. Bd3 Nh6 10. Qe2 O-O 11. h3 Rb8 12. exf5 Bxf5 13. Be4 Bxe4 14. Qxe4 Qd7 15.
O-O Rbe8 16. d3 Bd8 17. Bc3 Re6 18. a3 Nd4 19. Nd2 b5 20. Rae1 Nhf5 21. g4 Rg6
22. Kh2 Nh6 23. Bxd4 Nxg4+ 24. hxg4 Rxg4 25. Be3 Rxe4 26. dxe4 bxc4 27. bxc4
Ba5 28. f3 Qa4 29. Re2 Bxd2 30. Rxd2 Qxc4 31. Rdf2 Rb8 32. Rg1 Qb3 33. Rd2 Qxa3
34. Bh6 g6 35. Nf6+ Kf7 36. Nxh7 c4 37. Ng5+ Ke7 38. Bg7 c3 39. Rd3 Rg8 40. Rb1
Qa2+ 0-1

[Event "Thüringenliga 2013/2014"]
[Site "?"]
[Date "2014.02.02"]
[Round "6"]
[White "Streltsyn, Grygoriy"]
[Black "Silberschlag, Jörg"]
[Result "0-1"]
[WhiteElo "2124"]
[BlackElo "2088"]
[PlyCount "58"]
[EventDate "2014.??.??"]
[WhiteTeam "Erfurter Schachklub"]
[BlackTeam "SC Suhl"]

1. d4 Nf6 2. Nc3 d5 3. Bg5 c6 4. Bxf6 exf6 5. e4 dxe4 6. Nxe4 f5 7. Ng3 Be7 8.
c3 O-O 9. Bd3 g6 10. Qd2 Bg5 11. f4 Re8+ 12. N3e2 Bh4+ 13. Kf1 Be7 14. Nf3 Nd7
15. b4 Nf6 16. Ne5 Be6 17. Re1 a5 18. b5 c5 19. h4 h5 20. Rh3 Ne4 21. Qc2 Bxh4
22. Rxh4 Qxh4 23. Bxe4 fxe4 24. Qxe4 Rad8 25. dxc5 Bd5 26. Qc2 Qh2 27. Nf3 Bxf3
28. gxf3 Re3 29. Nd4 Qh1+ 0-1

[Event "Thüringenliga 2013/2014"]
[Site "?"]
[Date "2014.02.02"]
[Round "6"]
[White "Berghof, Axel"]
[Black "Duzy, Stefan"]
[Result "1-0"]
[WhiteElo "2015"]
[BlackElo "1923"]
[PlyCount "39"]
[EventDate "2014.??.??"]
[WhiteTeam "SC Suhl"]
[BlackTeam "Erfurter Schachklub"]

1. e4 c5 2. b4 cxb4 3. a3 d5 4. e5 bxa3 5. d4 g6 6. c3 Bg7 7. Nxa3 Nc6 8. Bd2
h5 9. Nf3 Nh6 10. h3 O-O 11. Qc1 Kh7 12. g4 Rh8 13. gxh5 Bf5 14. hxg6+ fxg6 15.
Nh4 Qd7 16. Rg1 Bxh3 17. Bd3 Bf5 18. Qb1 e6 19. Nxg6 Bxg6 20. Bxh6 1-0

[Event "Thüringenliga 2013/2014"]
[Site "?"]
[Date "2014.02.02"]
[Round "6"]
[White "Burkhardt, Kai"]
[Black "Feld-Gerdes, Wolfgang"]
[Result "0-1"]
[WhiteElo "1771"]
[BlackElo "1997"]
[PlyCount "88"]
[EventDate "2014.??.??"]
[WhiteTeam "Erfurter Schachklub"]
[BlackTeam "SC Suhl"]

1. e4 c5 2. Nf3 g6 3. d4 cxd4 4. Nxd4 Nc6 5. Nc3 Bg7 6. Be3 Nf6 7. f3 O-O 8.
Bc4 Qb6 9. Bb3 Nxe4 10. Nxe4 Bxd4 11. Bxd4 Qxd4 12. Qxd4 Nxd4 13. Rd1 Nxb3 14.
axb3 d6 15. Kf2 Bf5 16. g4 Bxe4 17. fxe4 Rac8 18. c3 Rc5 19. Rd4 Rfc8 20. Ra1
a6 21. Kf3 Rb5 22. b4 h5 23. Ra5 hxg4+ 24. Kxg4 Rxa5 25. bxa5 Rc5 26. Rb4 Rb5
27. Rxb5 axb5 28. Kf4 e5+ 29. Kg4 f6 30. b3 Kf7 31. h4 Ke6 32. c4 bxc4 33. bxc4
f5+ 34. exf5+ gxf5+ 35. Kg5 e4 36. Kf4 Kf6 37. h5 Kg7 38. Ke3 Kh6 39. Kd4 Kxh5
40. c5 dxc5+ 41. Kxc5 e3 42. Kb6 e2 43. Kxb7 e1=Q 44. a6 Qe4+ 0-1

[Event "Thüringenliga 2013/2014"]
[Site "?"]
[Date "2014.02.02"]
[Round "6"]
[White "Koch, Stefan"]
[Black "Schneider, Thomas"]
[Result "1/2-1/2"]
[WhiteElo "1862"]
[BlackElo "1864"]
[PlyCount "57"]
[EventDate "2014.??.??"]
[WhiteTeam "SC Suhl"]
[BlackTeam "Erfurter Schachklub"]

1. e4 c6 2. d4 d5 3. exd5 cxd5 4. Bd3 Nf6 5. h3 Qc7 6. Nf3 e6 7. O-O Nc6 8. c3
Bd6 9. Re1 Bd7 10. Qe2 h6 11. Ne5 O-O 12. Nd2 Rfb8 13. Ndf3 Be8 14. Nh2 b5 15.
Nhg4 Nxg4 16. hxg4 Be7 17. g5 Nxe5 18. dxe5 hxg5 19. Bd2 g6 20. Qg4 Qd8 21. Re3
Bd7 22. Kf1 Kg7 23. Ke2 f5 24. exf6+ Bxf6 25. Bxg6 Kxg6 26. Rh1 Qg8 27. Reh3
Kf7 28. Rf3 Ke7 29. Qb4+ 1/2-1/2

[Event "Thüringenliga 2013/2014"]
[Site "?"]
[Date "2014.02.02"]
[Round "6"]
[White "Troyke, Doreen"]
[Black "Fuhrmann, Christian"]
[Result "1-0"]
[WhiteElo "1980"]
[BlackElo "1798"]
[PlyCount "79"]
[EventDate "2014.??.??"]
[WhiteTeam "Erfurter Schachklub"]
[BlackTeam "SC Suhl"]

1. c4 Nf6 2. g3 e6 3. Bg2 d5 4. Nf3 Nbd7 5. O-O Be7 6. Nc3 O-O 7. b3 c6 8. Bb2
Re8 9. Qc2 Bf8 10. Rfd1 e5 11. cxd5 cxd5 12. Nb5 Bc5 13. d4 Qb6 14. a4 exd4 15.
Bxd4 a6 16. Nc3 Qd6 17. e3 b6 18. Qb2 Bb7 19. Ne2 Rac8 20. a5 b5 21. Nf4 Bxd4
22. Nxd4 g6 23. Rac1 Rxc1 24. Rxc1 Ne5 25. Nf3 Nxf3+ 26. Bxf3 Ne4 27. Qd4 Qf6
28. Qxf6 Nxf6 29. Rc7 Ba8 30. Ra7 Ne4 31. Rxa6 Nd2 32. Bxd5 Bxd5 33. Nxd5 Re5
34. Nf6+ Kg7 35. b4 Nc4 36. Kg2 Rf5 37. Ne4 h5 38. Nd6 Rd5 39. Nxc4 bxc4 40.
Rc6 1-0

[Event "Thüringenliga 2013/2014"]
[Site "?"]
[Date "2014.02.02"]
[Round "6"]
[White "Will, Ralph"]
[Black "Fischer, Dieter"]
[Result "0-1"]
[WhiteElo "1757"]
[BlackElo "1903"]
[PlyCount "64"]
[EventDate "2014.??.??"]
[WhiteTeam "SC Suhl"]
[BlackTeam "Erfurter Schachklub"]

1. d4 d5 2. c4 c6 3. cxd5 cxd5 4. Nf3 Nf6 5. g3 e6 6. Bg2 Be7 7. O-O O-O 8. Nc3
Nc6 9. Bg5 h6 10. Bxf6 Bxf6 11. e3 b6 12. Rc1 Bb7 13. Re1 Rc8 14. Qd2 Ba6 15.
Bf1 Bxf1 16. Kxf1 Qd7 17. Red1 Rfd8 18. Qe2 Qb7 19. Kg1 Na5 20. b3 Nc6 21. Qb5
a6 22. Qe2 Be7 23. Qb2 Rc7 24. Ne2 Rdc8 25. Nf4 Nb4 26. Ne1 Rxc1 27. Rxc1 Rxc1
28. Qxc1 Nxa2 29. Qc2 Nb4 30. Qc3 Qc6 31. Ne2 Bd6 32. Nd3 Qxc3 0-1

[Event "Thüringenliga 2013/2014"]
[Site "?"]
[Date "2014.02.02"]
[Round "6"]
[White "August, Christian"]
[Black "Müller, Bernd"]
[Result "1-0"]
[WhiteElo "1965"]
[BlackElo "1721"]
[PlyCount "127"]
[EventDate "2014.??.??"]
[WhiteTeam "Erfurter Schachklub"]
[BlackTeam "SC Suhl"]

1. e4 d5 2. exd5 Qxd5 3. Nc3 Qa5 4. d4 Nf6 5. Nf3 Bg4 6. h3 Bf5 7. Ne5 Nbd7 8.
Nc4 Qa6 9. Bf4 Qe6+ 10. Ne3 Nb6 11. Bxc7 Qc8 12. Bxb6 axb6 13. Nxf5 Qxf5 14.
Bb5+ Nd7 15. O-O Ra5 16. Qd3 Qxd3 17. Bxd3 Nf6 18. Bb5+ Kd8 19. a4 e6 20. Rfe1
Bb4 21. Re3 Kc7 22. Rg3 Rg8 23. Rd1 Raa8 24. Na2 Bd6 25. Rc3+ Kd8 26. Rf3 Ke7
27. c4 g5 28. b4 Rad8 29. c5 bxc5 30. bxc5 Bxc5 31. Rdd3 Bb6 32. Nc3 Rd6 33. d5
Rgd8 34. dxe6 Rxd3 35. Rxd3 Rxd3 36. Bxd3 Kxe6 37. Ne4 Nxe4 38. Bxe4 h5 39.
Bxb7 Ke5 40. Kf1 Kd4 41. Ke2 f6 42. h4 Kc4 43. Bf3 Kb4 44. Bxh5 Kxa4 45. Be8+
Kb4 46. h5 Bd4 47. Kd3 Kc5 48. Ke4 f5+ 49. Kxf5 Bxf2 50. Ke6 g4 51. h6 Bd4 52.
h7 g3 53. Kf7 Kd5 54. Kg8 Ke6 55. h8=Q Bxh8 56. Kxh8 Kf6 57. Kh7 Kg5 58. Kg7
Kh4 59. Kf6 Kg4 60. Ke5 Kh4 61. Bd7 Kg5 62. Ke4 Kh5 63. Kf3 Kh4 64. Bc8 1-0

[Event "Thüringenliga 2013/2014"]
[Site "?"]
[Date "2014.02.02"]
[Round "6"]
[White "Wehner, Janis"]
[Black "Siebarth, Raiko"]
[Result "0-1"]
[WhiteElo "2138"]
[BlackElo "2249"]
[PlyCount "64"]
[EventDate "2014.??.??"]
[WhiteTeam "SV Medizin Erfurt"]
[BlackTeam "SG Blau-Weiß Stadtilm"]

1. e4 c5 2. Nf3 e6 3. b3 Nc6 4. Bb2 d6 5. d4 cxd4 6. Nxd4 Nf6 7. Bd3 d5 8. Nxc6
bxc6 9. e5 Nd7 10. O-O Be7 11. Nd2 O-O 12. Re1 Nc5 13. Bf1 f5 14. c4 Bd7 15. b4
Ne4 16. c5 Qb8 17. Nxe4 fxe4 18. Qd2 a5 19. a3 Be8 20. Bd4 Bd8 21. Be2 Bc7 22.
f4 exf3 23. Bxf3 Bg6 24. Ra2 axb4 25. Rb2 b3 26. Bg4 Bf5 27. Bd1 Rxa3 28. Qe3
Be4 29. Qg3 Ba5 30. Bc3 Qb5 31. Qe3 Bxc3 32. Qxc3 Ra5 0-1

[Event "Thüringenliga 2013/2014"]
[Site "?"]
[Date "2014.02.02"]
[Round "6"]
[White "Schneider, Christian"]
[Black "Hausknecht, Matthias"]
[Result "1-0"]
[WhiteElo "2179"]
[BlackElo "2137"]
[PlyCount "79"]
[EventDate "2014.??.??"]
[WhiteTeam "SG Blau-Weiß Stadtilm"]
[BlackTeam "SV Medizin Erfurt"]

1. c4 Nf6 2. g3 c6 3. Bg2 d5 4. Nf3 Bg4 5. O-O e6 6. d4 Nbd7 7. cxd5 cxd5 8.
Nc3 Be7 9. Ne5 Nxe5 10. dxe5 Nd7 11. Qa4 Bf5 12. e4 dxe4 13. Rd1 Qc7 14. Be3
Qc6 15. Nb5 a6 16. Rxd7 Qxd7 17. Nc7+ Kd8 18. Rd1 Qxd1+ 19. Qxd1+ Kxc7 20. Qc2+
Kb8 21. g4 Bg6 22. Qa4 Rc8 23. Qd7 Bc5 24. Bxc5 Rxc5 25. Qd6+ Rc7 26. h4 h5 27.
gxh5 Bf5 28. b4 b5 29. Qb6+ Kc8 30. Kh2 Raa7 31. a4 e3 32. fxe3 Kd8 33. Qd6+
Rd7 34. Qf8+ Kc7 35. Qc5+ Kd8 36. Bc6 Rd2+ 37. Kg3 Rc2 38. Qxa7 Rxc6 39. axb5
axb5 40. Qxf7 1-0

[Event "Thüringenliga 2013/2014"]
[Site "?"]
[Date "2014.02.02"]
[Round "6"]
[White "Kirschbaum, Gunnar"]
[Black "Siebarth, Marco"]
[Result "1/2-1/2"]
[WhiteElo "2069"]
[BlackElo "1953"]
[PlyCount "57"]
[EventDate "2014.??.??"]
[WhiteTeam "SV Medizin Erfurt"]
[BlackTeam "SG Blau-Weiß Stadtilm"]

1. d4 d5 2. c4 c6 3. Nf3 Nf6 4. Nc3 e6 5. Bg5 Nbd7 6. cxd5 exd5 7. e3 Be7 8.
Qc2 h6 9. Bh4 Nh7 10. Bg3 Ng5 11. Nxg5 hxg5 12. O-O-O Nf6 13. f3 Be6 14. Bd3
Qa5 15. Kb1 Rc8 16. Bf5 Kd7 17. Rhe1 Rh6 18. Bxe6+ fxe6 19. e4 Nh5 20. Be5 Bb4
21. Re3 Nf6 22. h3 Ne8 23. Qb3 b6 24. a3 Bd6 25. exd5 cxd5 26. Rde1 Rc4 27.
Qb5+ Qxb5 28. Nxb5 Bxe5 29. Rxe5 1/2-1/2

[Event "Thüringenliga 2013/2014"]
[Site "?"]
[Date "2014.02.02"]
[Round "6"]
[White "George, Tom"]
[Black "Nguyen, Huy Dat"]
[Result "1/2-1/2"]
[WhiteElo "1831"]
[BlackElo "2030"]
[PlyCount "82"]
[EventDate "2014.??.??"]
[WhiteTeam "SG Blau-Weiß Stadtilm"]
[BlackTeam "SV Medizin Erfurt"]

1. e4 c6 2. f4 d5 3. Nc3 g6 4. g3 Bg7 5. Bg2 dxe4 6. Nxe4 Nf6 7. Nf2 O-O 8. Nf3
Na6 9. O-O Bf5 10. c3 Ne4 11. Nxe4 Bxe4 12. d4 Nc7 13. Qe2 Bf5 14. Nh4 Bd7 15.
f5 Nd5 16. Bd2 Bf6 17. Bh6 Bg7 18. Bxg7 Kxg7 19. Bxd5 cxd5 20. Qe5+ f6 21. Qxd5
g5 22. Ng2 Rf7 23. c4 Qc8 24. Rae1 a5 25. g4 Ra6 26. b3 Qc7 27. Qe4 a4 28. Ne3
Kf8 29. b4 a3 30. d5 b6 31. Nc2 Qd6 32. Re3 Ra4 33. Rff3 h5 34. Rxa3 hxg4 35.
Qxg4 Rxa3 36. Rxa3 Rh7 37. Rh3 Rxh3 38. Qxh3 Qe5 39. Ne3 Qa1+ 40. Qf1 Qc3 41.
Qh3 Qe1+ 1/2-1/2

[Event "Thüringenliga 2013/2014"]
[Site "?"]
[Date "2014.02.02"]
[Round "6"]
[White "Reichel, Norbert"]
[Black "Berner, Stephan"]
[Result "1-0"]
[WhiteElo "2053"]
[BlackElo "1875"]
[PlyCount "101"]
[EventDate "2014.??.??"]
[WhiteTeam "SV Medizin Erfurt"]
[BlackTeam "SG Blau-Weiß Stadtilm"]

1. c4 e6 2. Nc3 Nf6 3. e4 d6 4. d4 Be7 5. f4 c5 6. d5 exd5 7. cxd5 Bg4 8. Qa4+
Bd7 9. Qc2 Na6 10. a3 O-O 11. Nf3 Nc7 12. Be2 b5 13. O-O Qb8 14. b4 cxb4 15.
axb4 Qb6+ 16. Kh1 Ng4 17. Nd1 Rfc8 18. Qb3 a5 19. h3 a4 20. Qd3 Nf6 21. Be3 Qb7
22. Nf2 Nh5 23. Kh2 f5 24. Nd4 Nf6 25. exf5 Ncxd5 26. Bd2 Rab8 27. g4 Qb6 28.
g5 Ne8 29. Ne6 Ndc7 30. Nxc7 Nxc7 31. Bc3 d5 32. Ng4 Rf8 33. f6 gxf6 34. Nxf6+
Bxf6 35. gxf6 Rf7 36. Bh5 Be6 37. f5 Qd6+ 38. Qg3+ Qxg3+ 39. Kxg3 Bd7 40. Bxf7+
Kxf7 41. Be5 Rg8+ 42. Kf4 Ne8 43. Rg1 Rxg1 44. Rxg1 Nxf6 45. Rc1 Ne4 46. Rc7
Ke8 47. f6 Nxf6 48. Bxf6 Bxh3 49. Rxh7 Bg2 50. Ke5 Be4 51. Rb7 1-0

[Event "Thüringenliga 2013/2014"]
[Site "?"]
[Date "2014.02.02"]
[Round "6"]
[White "Schröter, Maik"]
[Black "Müller-Ludwig, Kristin"]
[Result "0-1"]
[WhiteElo "1746"]
[BlackElo "2059"]
[PlyCount "76"]
[EventDate "2014.??.??"]
[WhiteTeam "SG Blau-Weiß Stadtilm"]
[BlackTeam "SV Medizin Erfurt"]

1. e4 e6 2. d4 d5 3. exd5 exd5 4. Bd3 Bd6 5. Nf3 Ne7 6. c3 Bg4 7. Bg5 f6 8. Bh4
Nbc6 9. Bg3 Qd7 10. Bxd6 Qxd6 11. Na3 O-O-O 12. Nc2 Qf4 13. Qd2 Qd6 14. Ng1
Rde8 15. Ne3 Nf5 16. Bxf5+ Bxf5 17. O-O-O Bg6 18. Ne2 Ne7 19. Rde1 Rhf8 20. g3
Rf7 21. f3 Rff8 22. Nf4 Bf7 23. Qd3 g5 24. Nf5 Nxf5 25. Qxf5+ Kb8 26. Rxe8+
Bxe8 27. Ng2 Bg6 28. Qh3 Qa6 29. a3 Qe2 30. Ne1 Re8 31. Qf1 Qe3+ 32. Kd1 Bh5
33. g4 Bg6 34. Nc2 Qf4 35. Qf2 f5 36. gxf5 Qxf5 37. Rf1 Qd3+ 38. Kc1 Re2 0-1

[Event "Thüringenliga 2013/2014"]
[Site "?"]
[Date "2014.02.02"]
[Round "6"]
[White "Jakob, Matthias"]
[Black "Werner, Justus"]
[Result "0-1"]
[WhiteElo "1908"]
[BlackElo "1785"]
[PlyCount "130"]
[EventDate "2014.??.??"]
[WhiteTeam "SV Medizin Erfurt"]
[BlackTeam "SG Blau-Weiß Stadtilm"]

1. d4 Nf6 2. Nf3 e6 3. e3 b6 4. Bd3 Bb7 5. Nbd2 c5 6. c3 d6 7. O-O Nbd7 8. e4
cxd4 9. cxd4 Be7 10. Re1 Rc8 11. Nf1 h6 12. Ng3 O-O 13. Qe2 Re8 14. Bd2 Nf8 15.
Rac1 Rxc1 16. Rxc1 Qb8 17. Qd1 Rc8 18. h3 Rxc1 19. Qxc1 Qc8 20. Bxh6 gxh6 21.
Qxh6 Ng6 22. e5 Bf8 23. Qg5 Nh7 24. Qg4 Qc1+ 25. Kh2 Qh6 26. Nh5 Bxf3 27. gxf3
dxe5 28. dxe5 Qg5 29. Nf6+ Kh8 30. Nxh7 Qxg4 31. fxg4 Kxh7 32. f4 Kg7 33. Kg3
Bc5 34. Bxg6 Kxg6 35. Kf3 f6 36. exf6 Kxf6 37. h4 e5 38. f5 Bg1 39. Ke4 Bh2 40.
g5+ Kf7 41. h5 Bf4 42. b3 Bxg5 43. Kxe5 Bd2 44. Kd6 Kf6 45. Kc6 Be3 46. b4 Kxf5
47. b5 Bd2 48. Kb7 Ba5 49. Kxa7 Kg5 50. Kb7 Kxh5 51. Kc6 Kg4 52. Kd5 Kf3 53.
Kc4 Ke4 54. a3 Be1 55. Kb3 Kd4 56. a4 Ba5 57. Kb2 Kc4 58. Ka3 Kc3 59. Ka2 Kb4
60. Kb2 Kxa4 61. Ka2 Kxb5 62. Kb3 Be1 63. Ka3 Kc4 64. Ka2 Kc3 65. Kb1 b5 0-1

[Event "Thüringenliga 2013/2014"]
[Site "?"]
[Date "2014.02.02"]
[Round "6"]
[White "Mann, Jonas"]
[Black "Fischer, Dennis"]
[Result "0-1"]
[WhiteElo "1669"]
[BlackElo "1904"]
[PlyCount "98"]
[EventDate "2014.??.??"]
[WhiteTeam "SG Blau-Weiß Stadtilm"]
[BlackTeam "SV Medizin Erfurt"]

1. c4 Nf6 2. Nc3 g6 3. g3 Bg7 4. Bg2 O-O 5. Nf3 d6 6. O-O e5 7. d3 Nc6 8. Rb1
Rb8 9. b4 a6 10. Qc2 Ne8 11. b5 axb5 12. cxb5 Ne7 13. Ba3 b6 14. Bb4 Bb7 15. a4
f5 16. Qb3+ Kh8 17. Ng5 Bxg2 18. Kxg2 Nf6 19. Ne6 Qc8 20. Nxf8 Qb7+ 21. Kg1
Rxf8 22. a5 bxa5 23. Bxa5 f4 24. Qc4 Qc8 25. Kg2 Qa8+ 26. Ne4 Qxa5 27. Nxf6
Bxf6 28. Rfc1 Qa8+ 29. Kg1 Nd5 30. Ra1 Qb7 31. Ra6 Bd8 32. Rca1 Nb6 33. Qb3 Qc8
34. Qd1 Qe6 35. Rc1 Qf7 36. Qe1 Qb3 37. Rb1 Qd5 38. Ra3 h5 39. Qc1 Kg7 40. Ra7
Rf7 41. Qc2 h4 42. Rb4 fxg3 43. hxg3 hxg3 44. fxg3 Qe6 45. Qd2 Qh3 46. Qe1 Kh8
47. e3 Rh7 48. Kf2 Qh2+ 49. Kf1 Rf7+ 0-1

[Event "Thüringenliga 2013/2014"]
[Site "?"]
[Date "2014.02.02"]
[Round "6"]
[White "Pähtz, Thomas"]
[Black "Philipp, Michael"]
[Result "1-0"]
[WhiteElo "2277"]
[BlackElo "1963"]
[PlyCount "25"]
[EventDate "2014.??.??"]
[WhiteTeam "Ilmenauer SV"]
[BlackTeam "SSV Vimaria 91 Weimar"]

1. e4 e5 2. Bc4 Nf6 3. d3 c6 4. Nf3 Be7 5. O-O d6 6. a4 O-O 7. Nc3 Bg4 8. h3
Bh5 9. g4 Nxg4 10. hxg4 Bxg4 11. Kg2 Qd7 12. Rh1 Bh5 13. Nxe5 1-0